Social Science Research Methods in Tropical Diseases (Record no. 2998)
[ view plain ]
| 000 -LEADER | |
|---|---|
| fixed length control field | 00391nam a22001217a 4500 |
| 008 - FIXED-LENGTH DATA ELEMENTS--GENERAL INFORMATION | |
| fixed length control field | 230629b xxu||||| |||| 00| 0 eng d |
| 082 ## - DEWEY DECIMAL CLASSIFICATION NUMBER | |
| Classification number | 338.9 |
| Item number | MIG 1982 |
| 245 ## - TITLE STATEMENT | |
| Title | Social Science Research Methods in Tropical Diseases |
| 260 ## - PUBLICATION, DISTRIBUTION, ETC. (IMPRINT) | |
| Place of publication, distribution, etc. | Kenya |
| Name of publisher, distributor, etc. | Institute for Development Studies and Community Health Department University of Nairobi |
| Date of publication, distribution, etc. | 1982 |
| 300 ## - PHYSICAL DESCRIPTION | |
| Extent | IV,166p |
| 440 ## - SERIES STATEMENT/ADDED ENTRY--TITLE | |
| Number of part/section of a work | 41 |
| 942 ## - ADDED ENTRY ELEMENTS (KOHA) | |
| Source of classification or shelving scheme | Dewey Decimal Classification |
| Koha item type | Books |
| Withdrawn status | Lost status | Source of classification or shelving scheme | Damaged status | Not for loan | Home library | Current library | Date acquired | Total Checkouts | Full call number | Barcode | Date last seen | Price effective from | Koha item type |
|---|---|---|---|---|---|---|---|---|---|---|---|---|---|
| Dewey Decimal Classification | County Hall Archives | County Hall Archives | 06/29/2023 | 338.9 MIG 1982 | 10014052 | 06/29/2023 | 06/29/2023 | Books |
